000 01181cab a2200313 4500
001 ABS67833
008 040601n2004 000 0 eng u
035 _a(Sirsi) u126333
100 _aSmith, S.
245 _aGIS for contaminated land assessment: a UK local authority viewpoint
260 _c2004
490 _aGEO:connexion
_v3(5) May 2004, 40-43(4)
520 _aThe Environmental Protection Act 1990 Part IIA placed a duty on local authorities to manage historical land contamination within their areas. Using Stockton-on-Tees BC as a case study, outlines how the planning process has been used to plan clean-up operations prior to redevelopment, using a GIS-based land quality management database.
590 _aABS
650 _aCONTAMINATED LAND
650 _aGIS
650 _aLOCAL AUTHORITIES
650 _aENVIRONMENTAL PROTECTION ACT 1990
650 _aCONTAMINATED LAND REGULATIONS 1999
650 _aSTATUTORY DUTY
650 _aREMEDIATION
650 _aBROWNFIELD SITES
650 _aREDEVELOPMENT
690 _aENVIRONMENT-CONTAMINATION
700 _aHarding, C.
700 _aGillies, S.
700 _aJimenez-Ocio, L.
942 _n0
999 _c74412
_d74412